Marketingové pohľady P and G

Rozhovor s generálnym riaditeľom spoločnosti Procter and Gamble pre Českú a Slovenskú republiku, Jamesonom R. Stengelom o marketingovej činnosti, ktorú vykonáva marketingové oddelenie v ČR a SR. Spolupráca s reklamnými agentúrami v oblasti zabezpečovania informácií o trhoch. Porovnanie správania sa...

Descrizione completa

Salvato in:
Dettagli Bibliografici
Autore principale: Hapák, Pavel
Natura: Capitolo di libro
Lingua:slovacco
Soggetti:
Tags: Aggiungi Tag
Nessun Tag, puoi essere il primo ad aggiungerne!!

MARC

LEADER 00000naa a2200000 4500
001 r027499
005 20230922094713.5
041 0 |a slo 
044 |a SK 
245 1 0 |a Marketingové pohľady P and G  |c P. Hapák 
520 |a Rozhovor s generálnym riaditeľom spoločnosti Procter and Gamble pre Českú a Slovenskú republiku, Jamesonom R. Stengelom o marketingovej činnosti, ktorú vykonáva marketingové oddelenie v ČR a SR. Spolupráca s reklamnými agentúrami v oblasti zabezpečovania informácií o trhoch. Porovnanie správania sa spotrebiteľov v Česku a na Slovensku. Spolupráca s obchodnými spoločnosťami na českom a slovenskom trhu. 
610 2 0 |a marketing 
610 2 0 |a Procter & Gamble 
610 2 0 |a Česko 
610 2 0 |a Slovensko 
610 2 0 |a agentúry 
610 2 0 |a reklama 
610 2 0 |a správanie spotrebiteľa 
610 2 0 |a spoločnosti obchodné 
100 1 |a Hapák, Pavel